Kvantitatívne metódy v riadení podniku

Saved in:
Bibliographic Details
Main Author: Vološin, Martin
Corporate Author: Ekonomická univerzita v Bratislave. Podnikovohospodárska fakulta so sídlom v Košiciach
Other Authors: Jurga, Rastislav, Vološinová, Darina, Varcholová, Tatiana, Čarnický, Štefan, Mizla, Martin, 1955-, Vavrinčík, Pavel
Format: Book
Language:Slovak
Published: Bratislava Vydavateľstvo EKONÓM 2006
Subjects:
Tags: Add Tag
No Tags, Be the first to tag this record!

MARC

LEADER 00000nam$a2200000$$$4500
001 0046655
005 20240502071534.7
020 |a 80-225-2123-X 
041 0 |a slo 
044 |a SK 
245 1 0 |a Kvantitatívne metódy v riadení podniku  |c Martin Vološin a kolektív 
264 1 |a Bratislava  |b Vydavateľstvo EKONÓM  |c 2006 
300 |a 163 s. 
610 2 0 |a riadenie podnikové 
610 2 0 |a rozhodovanie manažérske 
610 2 0 |a metódy matematické 
610 2 0 |a metódy kvantitatívne 
610 2 0 |a výskum operačný 
610 2 0 |a rozhodovanie strategické 
610 2 0 |a modely 
610 2 0 |a teória hier 
610 2 0 |a modely ekonometrické 
610 2 0 |a akvizícia 
610 2 0 |a fúzie 
610 2 0 |a oceňovanie 
610 2 0 |a rozhodovanie investičné 
610 2 0 |a systémy informačné 
610 2 0 |a riziko 
610 2 0 |a riadenie kvality 
100 1 |a Vološin, Martin 
700 1 |a Jurga, Rastislav 
700 1 |a Vološinová, Darina 
700 1 |a Varcholová, Tatiana 
700 1 |a Čarnický, Štefan 
700 1 |a Mizla, Martin, 1955- 
700 1 |a Vavrinčík, Pavel 
710 2 |a Ekonomická univerzita v Bratislave. Podnikovohospodárska fakulta so sídlom v Košiciach